Transparentnosť v ekonomike SR II seminárny bulletin

Na minha lista:
Detalhes bibliográficos
Formato: Livro
Idioma:eslovaco
inglês
Publicado em: Bratislava Centrum pre hospodársky rozvoj 1999
Assuntos:
Tags: Adicionar Tag
Sem tags, seja o primeiro a adicionar uma tag!

MARC

LEADER 00000nam a2200000 4500
001 c110049
005 20240104100959.6
041 0 |a slo 
041 0 |a eng 
044 |a SK 
245 1 0 |a Transparentnosť v ekonomike SR II  |b seminárny bulletin 
264 1 |a Bratislava  |b Centrum pre hospodársky rozvoj  |c 1999 
300 |a [122] s. 
610 2 0 |a hospodárstvo národné 
610 2 0 |a previerky 
610 2 0 |a kontrola daňová 
610 2 0 |a predpisy colné 
610 2 0 |a predpisy daňové 
610 2 0 |a únik daňový 
610 2 0 |a ekonomika tieňová 
610 2 0 |a kriminalita hospodárska